Villes présentes en Élite sur une carte. - Statistiques

Statistiques générales
  • Ce quiz a été pris 191 fois
    128 depuis la dernière actualisation
  • Le résultat moyen est 12 sur 18
Réponses sur la Carte
Les réponses sont colorées sur une échelle allant du rouge au vert en fonction du pourcentage des utilisateurs qui les ont devinées à leur premier essai. Vous pouvez retrouver ces pourcentages ci-dessous.
 
Statistiques - réponses
Ville % Correct
Lyon-Villeurbanne
92%
Strasbourg
92%
Gravelines-Dunkerque
83%
Pau
79%
Paris
78%
Limoges
75%
Monaco
71%
Dijon
70%
Nancy
69%
Le Mans
67%
Nanterre
65%
Le Portel
61%
Cholet
56%
Bourg-en-Bresse
54%
Roanne
49%
Levallois-Perret
46%
Blois
43%
Fos-sur-Mer
29%
Aucun quiz correspondant
Distribution des résultats
% des personnes avec chaque résultat
Percentile par nombre de réponses
Votre historique - résultats
Vous n’avez pas pris ce quiz depuis la dernière actualisation